Football Teams Isco Played For - Statistics

General Stats
  • This quiz has been taken 82 times
  • The average score is 4 of 5
Answer Stats
League Years Team % Correct
Spain 2013-2022 Real Madrid
100%
Spain 2023- Real Betis Balompié
83%
Spain 2022 Sevilla FC
83%
Spain 2011-2013 Málaga CF
58%
Spain 2009-2011 Valencia Mestalla
54%
No matching quizzes found
Score Distribution
Percent of People with Each Score
Percentile by Number Answered
Your Score History
You have not taken this quiz